UBT Library

Schaum's outline of theory and problems of electromagnetics / (Record no. 1271)

000 -LEADER
fixed length control field 00462nam a22001577a 4500
008 - FIXED-LENGTH DATA ELEMENTS--GENERAL INFORMATION
fixed length control field 151013b xxu||||| |||| 00| 0 eng d
020 ## - INTERNATIONAL STANDARD BOOK NUMBER
International Standard Book Number 0070189900
041 0# - LANGUAGE CODE
Language code of text/sound track or separate title eng
080 ## - UNIVERSAL DECIMAL CLASSIFICATION NUMBER
Universal Decimal Classification number 537.8
100 1# - Rafti
Rafti Edminister, Joseph.
245 10 - TITLE STATEMENT
Title Schaum's outline of theory and problems of electromagnetics /
Statement of responsibility, etc by Joseph A. Edminister.
260 ## -
-- New York :
-- McGraw-Hill,
-- 1979.
300 ## -
-- 202 f. :
-- me il.;
-- 28 cm.
650 #0 -
-- Elektromagentika
942 ## - ADDED ENTRY ELEMENTS (KOHA)
Source of classification or shelving scheme
Item type Books
Holdings
Withdrawn status Lost status Source of classification or shelving scheme Damaged status Not for loan Collection code Permanent location Current location Shelving location Date acquired Total Checkouts Full call number Barcode Date last seen Price effective from Koha item type
          Koleksioni i përgjithshem UBT - Lipjan UBT - Lipjan Koleksioni i përgjithshem 10/13/2015   537.8 EDM 002-008314 10/13/2015 10/13/2015 Books
UBT Library © 2015-2024. All rights reserved University Education for Business and Technology